| 000 | 00476nam a22001937a 4500 | ||
|---|---|---|---|
| 003 | OSt | ||
| 005 | 20240709092016.0 | ||
| 008 | 240709b |||||||| |||| 00| 0 eng d | ||
| 020 | _a9781789546729 | ||
| 040 |
_aKMU _beng _cKMU _dKMU _erda |
||
| 050 |
_aPR6101.T56 _bF73 |
||
| 100 | _aAtkins, Dani | ||
| 245 |
_aFractured/ _cDani Atkins |
||
| 260 |
_aLondon: _bHead of Zeus, _c2013. |
||
| 300 |
_avi, 330p.: _c20cm. |
||
| 650 | _aDrama | ||
| 650 | _aRomance | ||
| 942 |
_2lcc _cFM _n0 |
||
| 999 |
_c1390 _d1390 |
||